000 005320000a22001810004500
003 MACL
005 20160301133106.0
008 160301b xxu||||| |||| 00| 0 eng d
040 _aMACL
_cMACL
041 _aHindi
082 _a891.431
100 _aदिनकर रामधारी सिंह
_940733
245 _aहुंकार
260 _bश्रीअजन्‍ता प्रेस लिमिटेड
_c1955
_aपटना
350 _a2
650 _aPoetry
_941587
942 _cHIN
_k891.431
_2ddc
999 _c23498
_d23498